| 000 | 00594cam a2200193 a 4500 | ||
|---|---|---|---|
| 001 | 000017377 | ||
| 005 | 20200929165108.0 | ||
| 008 | 711012s1966 mau 000 f eng d | ||
| 040 |
_aDO-SdBNP _beng _cLC _dBNPHU |
||
| 082 |
_a813.54 _bA898e |
||
| 100 | 1 |
_aAuchincloss, Louis _d1917-2010 _938050 |
|
| 245 | 1 | 4 |
_aThe embezzler / _cLouis Auchincloss. |
| 260 |
_aBoston : _bHoughton Mifflin Company, _c1966. |
||
| 300 |
_a277 p. ; _c22 cm. |
||
| 650 | 4 |
_aNovela estadounidense _9262 |
|
| 650 | 4 |
_aLiteratura estadounidense _ySIGLO XX _96874 |
|
| 910 | _aCatalogación por copia / LC | ||
| 049 | _aBNGR | ||
| 999 |
_c16902 _d16902 |
||